000 00317nam a2200121Ia 4500
008 240731s9999 xx 000 0 und d
022 _a2324-9943
245 0 _aTransportmetrica A: Transport Science
260 _bTaylor & Francis
856 _uhttps://www.tandfonline.com/loi/ttra21
942 _2ddc
942 _cTFEJ
999 _c80203
_d80203
945 _a1
_bMadushi Gamage
_c1
_dMadushi Gamage